|
|
|
|
| LEADER |
03030nam a2200721 a 4500 |
| 001 |
nkc20071729280 |
| 003 |
CZ PrNK |
| 005 |
20100114092637.0 |
| 007 |
ta |
| 008 |
070813s2007 xr aeh e 000 0dcze |
| 015 |
|
|
|a cnb001729280
|
| 020 |
|
|
|a 978-80-87029-11-4
|q (brož.) :
|c Kč 395,00
|
| 035 |
|
|
|a (OCoLC)190408137
|
| 040 |
|
|
|a ABA001
|b cze
|
| 043 |
|
|
|a e-xr---
|b e-xr-ol
|2 czenas
|
| 045 |
|
|
|a v-v-
|
| 072 |
|
7 |
|a 72/76
|x Výtvarné umění
|2 Konspekt
|9 21
|
| 080 |
|
|
|a 72/76(437.3)
|2 MRF
|
| 080 |
|
|
|a 7.034.7
|2 MRF
|
| 080 |
|
|
|a 726.71:27-789.43
|2 MRF
|
| 080 |
|
|
|a 27-789.43
|2 MRF
|
| 080 |
|
|
|a 27-726.2
|2 MRF
|
| 080 |
|
|
|a 7.078
|2 MRF
|
| 080 |
|
|
|a 7.046.3
|2 MRF
|
| 080 |
|
|
|a 2-6+316.72/.75
|2 MRF
|
| 080 |
|
|
|a (437.325)
|2 MRF
|
| 080 |
|
|
|a (048.8)
|2 MRF
|
| 100 |
1 |
|
|a Suchánek, Pavel,
|d 1975-
|7 mzk2007408360
|4 aut
|
| 245 |
1 |
0 |
|a K větší cti a slávě :
|b umění a mecenát opatů kláštera Hradisko v 18. století /
|c Pavel Suchánek
|
| 246 |
3 |
0 |
|a Umění a mecenát opatů kláštera Hradisko v 18. století
|
| 250 |
|
|
|a 1. vyd.
|
| 260 |
|
|
|a Brno :
|b Barrister & Principal :
|b Masarykova univerzita, Filozofická fakulta, Seminář dějin umění,
|c 2007
|
| 300 |
|
|
|a 374 s. :
|b il., plány, faksim. ;
|c 23 cm
|
| 490 |
1 |
|
|a Dějiny a teorie umění
|
| 504 |
|
|
|a Obsahuje bibliografii a bibliografické odkazy
|
| 648 |
|
7 |
|a 18. století
|7 ch460556
|2 czenas
|
| 650 |
0 |
7 |
|a české výtvarné umění
|7 ph116865
|y 18. stol.
|2 czenas
|
| 650 |
0 |
7 |
|a barokní umění
|7 ph118765
|z Česko
|2 czenas
|
| 650 |
0 |
7 |
|a premonstrátské kláštery
|7 ph124588
|z Česko
|y 18. stol.
|2 czenas
|
| 650 |
0 |
7 |
|a premonstráti
|7 ph124587
|z Česko
|y 18. stol.
|2 czenas
|
| 650 |
0 |
7 |
|a opati
|7 ph220337
|z Česko
|y 18. stol.
|2 czenas
|
| 650 |
0 |
7 |
|a mecenáši
|7 ph122719
|z Česko
|y 18. stol.
|2 czenas
|
| 650 |
0 |
7 |
|a sakrální umění
|7 ph119515
|z Česko
|y 18. stol.
|2 czenas
|
| 650 |
0 |
9 |
|a Czech art
|y 18th century
|2 eczenas
|
| 650 |
0 |
9 |
|a baroque art
|z Czechia
|2 eczenas
|
| 650 |
0 |
9 |
|a premonstratensian monasteries
|z Czechia
|y 18th century
|2 eczenas
|
| 650 |
0 |
9 |
|a premonstratensians
|z Czechia
|y 18th century
|2 eczenas
|
| 650 |
0 |
9 |
|a abbots
|z Czechia
|y 18th century
|2 eczenas
|
| 650 |
0 |
9 |
|a art patrons
|z Czechia
|y 18th century
|2 eczenas
|
| 650 |
0 |
9 |
|a sacred art
|z Czechia
|y 18th century
|2 eczenas
|
| 655 |
|
7 |
|a studie
|7 fd133597
|2 czenas
|
| 655 |
|
9 |
|a studies
|2 eczenas
|
| 610 |
2 |
7 |
|a Klášter Hradisko
|7 olak2007365882
|2 czenas
|
| 651 |
|
7 |
|a Olomouc (Česko)
|7 ge130299
|x náboženské a kulturní poměry
|y 18. stol.
|2 czenas
|
| 651 |
|
9 |
|a Olomouc (Czechia)
|x religious and cultural conditions
|y 18th century
|2 eczenas
|
| 830 |
|
0 |
|a Dějiny a teorie umění
|0 s
|
| 910 |
2 |
|
|a BOA001
|b 2-1189.643
|
| 928 |
9 |
|
|a Společnost pro odbornou literaturu - Barrister & Principal
|
| 990 |
|
|
|a BK
|
| 995 |
|
|
|a 01
|
| 991 |
|
|
|b 200708
|c NOV
|
| 996 |
6 |
|
|b 2610317134
|c 2-1189.643
|l MZK
|r Sklad / do 1 hodiny
|n 15
|p p.v.
|w 000860624
|u 000010
|a 1
|e BOA001
|j MZK50
|s P
|
| 996 |
7 |
|
|b 2610317135
|c 2-1189.643
|l MZK
|r Sklad / do 1 hodiny
|n 32
|p p.v.
|w 000860624
|u 000020
|a 1
|e BOA001
|j MZK50
|s A
|